| 000 | 00829nam a2200205Ia 4500 | ||
|---|---|---|---|
| 999 |
_c38021 _d38021 |
||
| 001 | 4006 | ||
| 003 | GE_BSU | ||
| 005 | 20190827134651.0 | ||
| 008 | 181216s1962||||ge |||||||||||||| ||geo|| | ||
| 040 | _cGE_BSU | ||
| 041 | _ageo | ||
| 080 | _a378(479.22) ყ–56 | ||
| 100 |
_aყიფიანი, ირაკლი _93801 |
||
| 245 |
_aთბილისის სახელმწიფო უნივერსიტეტი / _cრედ. ნ. მამისაშვილი. |
||
| 264 |
_aთბ. : _bსაბჭ. საქართველო, _c1962. |
||
| 300 |
_a25 გვ.; _b17 სმ. |
||
| 653 | _aთბილისის სახელმწიფო უნივერსიტეტი | ||
| 700 |
_aმამისაშვილი, ნ. _eრედაქტორი _93802 |
||
| 942 |
_cBK _2udc |
||